000 01190nam0a22002291 4500
001 rc\4810898
005 20260407122427.0
035 _a(NLR Aleph) 008796066
090 _a8071854
_c8071854
100 _a20130426a19609999|||y0rusy50 ca
101 0 _arus
102 _aRU
105 _ay z |||||
200 1 _aСборник диссертационных работ Украинского института усовершенствования врачей
_eВып. 2-
_fМ-во здрав. УССР. Укр. ин-т усовершенствования врачей (Харьков)
210 _aХарьков
_cИзд-во Харьковского гос. ун-та им. А.М. Горького
_d1960-
710 0 2 _aУкраинский институт усовершенствования врачей
_cХарьков
_9413427
_3RU\NLR\AUTH\889958624
801 0 _aRU
_bNLR
_gpsbo
801 1 _aRU
_bELAR
_2rusmarc
830 _aПеречень имеющихся в библиотеке томов, номеров, годов этого издания смотри в каталоге периодических изданий
852 _aNLR
_jП16/850
942 _cBOOK
980 _aNB